2019アジアカップ日本代表 - Statistics

General Stats
  • This quiz has been taken 11 times
  • The average score is 16 of 23
Answer Stats
背番号 名前 所属チーム % Correct
9 南野拓実 ザルツブルク
100%
5 長友佑都 ガラタサライ
91%
15 大迫勇也 ベルダー・ブレーメン
91%
19 酒井宏樹 オリンピック・マルセイユ
91%
7 柴崎岳 ヘタフェCF
82%
12 権田修一 サガン鳥栖
82%
16 冨安健洋 シントトロイデンVV
82%
20 槙野智章 浦和レッズ
82%
21 堂安律 FCフローニンゲン
82%
6 遠藤航 シントトロイデンVV
73%
10 乾貴士 アラベス
73%
13 武藤嘉紀 ニューカッスル・ユナイテッド
73%
22 吉田麻也 サウサンプトン
73%
3 室屋成 FC東京
64%
4 佐々木翔 サンフレッチェ広島
64%
8 原口元気 ハノーファー96
64%
11 北川航也 清水エスパルス
64%
14 伊東純也 柏レイソル
64%
23 シュミットダニエル ベガルタ仙台
64%
1 東口順昭 ガンバ大阪
55%
18 塩谷司 アルアイン
55%
2 三浦弦太 ガンバ大阪
45%
17 青山敏弘 サンフレッチェ広島
27%
No matching quizzes found
Score Distribution
Percent of People with Each Score
Percentile by Number Answered
Your Score History
You have not taken this quiz